عرض عادي
عرض مارك
- Chemistry
مدخل مصطلح موضوعي
001 - رقم الضبط
- حقل الضبط: 38117
003 - معرف رقم الضبط
- حقل الضبط: OSt
005 - تاريخ ووقت أخر عملية
- حقل الضبط: 20131022104823.0
008 - عناصر بيانات ثابتة الطول
- حقل تحكم ثابت الطول: 131022|||a|||||| | ||| d
040 ## - مصدر الفهرسة
- هيئة الفهرسة الأصلية: OSt
- وكالة الكتابة: OSt
150 ## - مدخل-- مصطلح تاريخي
- عنصر مدخل المصطلح الموضوعي او الاسم الجغرافي: Chemistry
- تفريع عام: Experiments
- تفريع عام: Problems, exercises, etc
670 ## - بيانات المصدر موجوده
- الاستشهاد بالمصدر: Work cat.: (OSt): Landesberg, Joseph M. 36449, Basic laboratory experiments :, 2012
